01156nam a2200289 i 4500001000700000003000900007005001700016007000300033008004100036035002000077035001600097035001400113040003100127100003500158245006700193264009700260300005600357336002700413337003300440337003400473338003100507490005600538562009600594650003700690830004400727852009500771193732ES-MaACL20240209063133.0ta240207s1911||||fr a freb 000 0 fre d a(OCoLC)23412317 aocm23412317 a02196985X aABESbfreeAFNORcES-MaACL1 aFerroux, Georges,d18..-....; 10aEssais des machines à courant continu /cpar G. Ferroux .... 1aParis :bLibrairie des Sciences et de l'Industrie :bL. Geisler, imprimeur-éditeur,c1911. a195 páginas :bIlustraciones, diagramas ;c25 cm. btxt2rdacontentatexto bn2rdamediaasin mediación bn2isbdmediaasin mediación bnga2RDAfrCarrieravolumen1 aEncyclopédie électrotechnique ;v47e Fascicule  aOuvrage relié avec 3 autres documents de la collection "Encyclopédie électrotechnique 7aMáquinas de corriente continua aEncyclopédie électrotechnique ;v47 aES-MaACLbR.M.8254jD-8708cSVIfSello en tinta en portada: "Ateneo de Madrid. Biblioteca"